| 000 | 00747cab a2200265 4500 | ||
|---|---|---|---|
| 001 | WB3209-20 | ||
| 008 | 090401t1996 xxu||||| |||| 00| 0 eng d | ||
| 035 | _a(Sirsi) u40225 | ||
| 041 | _aeng | ||
| 245 | _aMiscanthus | ||
| 260 | _c1996 | ||
| 350 | _a0 | ||
| 490 |
_aFarming News _v1 March 1996, 14(2) |
||
| 520 | _aSuggests the best way to grow miscanthus, a straw-like crop, and its potential as an economic and effective source of fuel. | ||
| 650 | _aALTERNATIVE FUELS | ||
| 650 | _aBIOMASS | ||
| 650 | _aELEPHANT GRASS | ||
| 650 | _aFUEL CROPS | ||
| 650 | _aMISCANTHUS | ||
| 650 | _aRENEWABLE ENERGY | ||
| 690 | _aENVIRONMENTAL AND LAND CONSULTANCY-ENERGY | ||
| 690 | _aRURAL PRACTICE | ||
| 942 | _n0 | ||
| 948 | _c04/03/1997 | ||
| 999 |
_c25770 _d25770 |
||